Социальные технологии как наука и практика; Трансформация научных парадигм и коммуникативные практики в информационном социуме

Dettagli Bibliografici
Parent link:Трансформация научных парадигм и коммуникативные практики в информационном социуме.— 2013.— [С. 15-17]
Autore principale: Андреева П. В. Полина Владимировна
Ente Autore: Национальный исследовательский Томский политехнический университет (ТПУ) Институт социально-гуманитарных технологий (ИСГТ) Кафедра культурологии и социальной коммуникации (КТЛ)
Riassunto:Заглавие с титульного листа.
Lingua:russo
Pubblicazione: 2013
Serie:Коммуникативные практики и бизнес - стратегии в современном социуме
Soggetti:
Accesso online:http://www.lib.tpu.ru/fulltext/c/2012/C26/005.pdf
Natura: MixedMaterials Elettronico Capitolo di libro
KOHA link:https://koha.lib.tpu.ru/cgi-bin/koha/opac-detail.pl?biblionumber=605143

MARC

LEADER 00000naa2a2200000 4500
001 605143
005 20260224132527.0
035 |a (RuTPU)RU\TPU\conf\2428 
035 |a RU\TPU\conf\2419 
090 |a 605143 
100 |a 20140403d2013 k y0rusy50 ca 
101 0 |a rus 
102 |a RU 
135 |a drnn ---uucaa 
181 0 |a i  
182 0 |a b 
200 1 |a Социальные технологии как наука и практика  |f П. В. Андреева 
203 |a Текст  |c электронный 
215 |a 1 файл (273 Кб) 
225 1 |a Коммуникативные практики и бизнес - стратегии в современном социуме 
300 |a Заглавие с титульного листа. 
320 |a [Библиогр.: с. 16-17 (6 назв.)] 
337 |a Adobe Reader 
463 1 |0 (RuTPU)RU\TPU\conf\2405  |t Трансформация научных парадигм и коммуникативные практики в информационном социуме  |o сборник научных трудов конференции, г. Томск, 22-23 ноября 2012 г.  |f Национальный исследовательский Томский политехнический университет (ТПУ) ; ред. коллегия В. И. Турнаев [и др.]  |v [С. 15-17]  |d 2013 
610 1 |a труды учёных ТПУ 
610 1 |a электронный ресурс 
610 1 |a социальные технологии 
610 1 |a социальная инноватика 
610 1 |a массовая коммуникация 
610 1 |a логика 
700 1 |a Андреева  |b П. В.  |c специалист в области культурологии и социальной коммуникации  |c доцент Томского политехнического университета, кандидат философских наук  |f 1982-  |g Полина Владимировна  |3 (RuTPU)RU\TPU\pers\24648 
712 0 2 |a Национальный исследовательский Томский политехнический университет (ТПУ)  |b Институт социально-гуманитарных технологий (ИСГТ)  |b Кафедра культурологии и социальной коммуникации (КТЛ)  |3 (RuTPU)RU\TPU\col\18374 
801 2 |a RU  |b 63413507  |c 20140403  |g RCR 
856 4 |u http://www.lib.tpu.ru/fulltext/c/2012/C26/005.pdf 
942 |c CF